00389nam a2200157Ia 4500003000500000008004100005020001800046040001900064082000700083100001800090245003600108246003600144260002900180300000800209546001400217STCL181203s9999 xx 000 0 und d a9789352820993 aSTCLbENcSTCL 222 aGrass, Gunter 0aതകരച്ചെണ്ട  aThakarachenda/ Die Blechtrommel bDC BooksaKottayamc2018 a734 aMalayalam